[Event "DEM U18 2024"]
[Site "Willingen GER"]
[Date "2024.05.23"]
[Round "7"]
[White "Vortmeier, Jan"]
[Black "Hecht, Jonas Christian"]
[Result "1-0"]
[Termination "normal"]
[Board "6"]
[WhiteElo "2082"]
[BlackElo "2101"]
[WhiteClock "00:32:30"]
[BlackClock "00:15:50"]
[PlyCount "89"]
[WhiteFideId "16261321"]
[BlackFideId "16214846"]
[EventCountry "GER"]
[EventRounds "9"]
[EventType "swiss"]
[EventDate "2024.05.18"]

1. Nf3 {[%clk 01:30:56]} d5 {[%clk 01:30:56]} {[%emt 00:00:07]} 2. g3 {[%clk
01:31:19]} {[%emt 00:00:07]} g6 {[%clk 01:31:21]} {[%emt 00:00:05]} 3. c4
{[%clk 01:30:28]} {[%emt 00:01:21]} dxc4 {[%clk 01:31:48]} {[%emt 00:00:04]} 4.
Na3 {[%clk 01:30:38]} {[%emt 00:00:19]} Bg7 {[%clk 01:32:11]} {[%emt 00:00:07]}
5. Nxc4 {[%clk 01:30:15]} {[%emt 00:00:53]} Nc6 {[%clk 01:32:37]} {[%emt
00:00:05]} 6. Bg2 {[%clk 01:27:06]} {[%emt 00:03:38]} e5 {[%clk 01:33:02]}
{[%emt 00:00:06]} 7. d3 {[%clk 01:25:40]} {[%emt 00:01:54]} e4 {[%clk
01:33:30]} {[%emt 00:00:03]} 8. dxe4 {[%clk 01:19:06]} {[%emt 00:07:03]} Qxd1+
{[%clk 01:32:55]} {[%emt 00:01:06]} 9. Kxd1 {[%clk 01:19:30]} {[%emt 00:00:06]}
Nf6 {[%clk 01:33:22]} {[%emt 00:00:03]} 10. Ne1 {[%clk 01:03:01]} {[%emt
00:16:59]} Be6 {[%clk 01:29:38]} {[%emt 00:04:14]} 11. Nd2 {[%clk 01:01:21]}
{[%emt 00:02:09]} O-O-O {[%clk 01:26:40]} {[%emt 00:03:29]} 12. Nd3 {[%clk
00:58:36]} {[%emt 00:03:15]} Ng4 {[%clk 01:23:52]} {[%emt 00:03:19]} 13. h3
{[%emt 00:07:31]} Rxd3 {[%clk 01:21:39]} {[%emt 00:00:06]} 14. hxg4 {[%clk
00:54:36]} {[%emt 00:00:06]} Rd7 {[%clk 01:21:22]} {[%emt 00:00:48]} 15. g5
{[%clk 00:52:17]} {[%emt 00:02:48]} Rhd8 {[%clk 01:18:44]} {[%emt 00:03:08]}
16. e5 {[%clk 00:43:43]} {[%emt 00:09:03]} Nxe5 {[%clk 01:11:39]} {[%emt
00:07:36]} 17. Rxh7 {[%clk 00:41:12]} {[%emt 00:03:00]} Bf8 {[%clk 00:48:28]}
{[%emt 00:23:42]} 18. Kc2 {[%clk 00:35:02]} {[%emt 00:06:39]} Bf5+ {[%clk
00:46:48]} {[%emt 00:02:10]} 19. e4 {[%clk 00:34:14]} {[%emt 00:01:18]} Be6
{[%clk 00:45:06]} {[%emt 00:02:13]} 20. Nf3 {[%clk 00:22:33]} {[%emt 00:12:10]}
Nd3 {[%clk 00:40:08]} {[%emt 00:05:28]} 21. Bd2 {[%clk 00:22:03]} {[%emt
00:01:00]} Nxf2 {[%clk 00:37:48]} {[%emt 00:02:51]} 22. Bc3 {[%clk 00:21:00]}
{[%emt 00:01:31]} Nd1 {[%clk 00:34:46]} {[%emt 00:03:32]} 23. Rxd1 {[%clk
00:16:12]} {[%emt 00:05:18]} Rxd1 {[%clk 00:35:10]} {[%emt 00:00:08]} 24. Bf6
{[%clk 00:15:52]} {[%emt 00:00:50]} R1d6 {[%clk 00:15:41]} {[%emt 00:19:58]}
25. Bxd8 {[%clk 00:15:41]} {[%emt 00:00:40]} Kxd8 {[%clk 00:16:03]} {[%emt
00:00:09]} 26. Ne5 {[%clk 00:15:24]} {[%emt 00:00:46]} Ke8 {[%clk 00:16:13]}
{[%emt 00:00:20]} 27. Bf1 {[%clk 00:12:43]} {[%emt 00:03:11]} a6 {[%clk
00:12:00]} {[%emt 00:04:44]} 28. b3 {[%clk 00:11:11]} {[%emt 00:02:01]} Rd4
{[%clk 00:10:41]} {[%emt 00:01:49]} 29. Bd3 {[%clk 00:11:09]} {[%emt 00:00:33]}
Bb4 {[%clk 00:09:48]} {[%emt 00:01:24]} 30. Rh8+ {[%clk 00:09:26]} {[%emt
00:02:11]} Bf8 {[%clk 00:09:40]} {[%emt 00:00:40]} 31. Kc3 {[%clk 00:08:17]}
{[%emt 00:01:38]} Rd8 {[%clk 00:08:43]} {[%emt 00:01:25]} 32. Bc4 {[%clk
00:08:02]} {[%emt 00:00:46]} Bxc4 {[%clk 00:08:33]} {[%emt 00:00:42]} 33. bxc4
{[%clk 00:08:07]} {[%emt 00:00:25]} Rd1 {[%clk 00:05:14]} {[%emt 00:03:48]} 34.
Ng4 {[%clk 00:07:04]} {[%emt 00:01:33]} Ke7 {[%clk 00:04:18]} {[%emt 00:01:26]}
35. Nf6 {[%clk 00:07:27]} {[%emt 00:00:07]} c6 {[%clk 00:04:28]} {[%emt
00:00:21]} 36. Rg8 {[%clk 00:06:43]} {[%emt 00:01:14]} Rd8 {[%clk 00:03:25]}
{[%emt 00:01:32]} 37. Nh7 {[%clk 00:06:29]} {[%emt 00:00:43]} b6 {[%clk
00:02:37]} {[%emt 00:01:20]} 38. Rxf8 {[%clk 00:03:52]} {[%emt 00:03:06]} Rxf8
{[%clk 00:03:02]} {[%emt 00:00:05]} 39. Nxf8 {[%clk 00:04:15]} {[%emt
00:00:06]} Kxf8 {[%clk 00:03:30]} {[%emt 00:00:03]} 40. c5 {[%clk 00:04:23]}
{[%emt 00:00:22]} bxc5 {[%clk 00:02:45]} {[%emt 00:01:15]} 41. Kc4 {[%clk
00:04:48]} {[%emt 00:00:05]} Ke7 {[%clk 00:01:36]} {[%emt 00:01:38]} 42. Kxc5
{[%clk 00:05:13]} {[%emt 00:00:06]} f5 {[%clk 00:15:28]} {[%emt 00:16:38]} 43.
gxf6+ {[%clk 00:32:12]} {[%emt 00:03:31]} Kxf6 {[%clk 00:15:40]} {[%emt
00:00:18]} 44. Kd6 {[%clk 00:32:07]} {[%emt 00:00:34]} c5 {[%clk 00:15:50]}
{[%emt 00:00:21]} 45. e5 {[%clk 00:32:30]} {[%emt 00:00:07]} 1-0

[Event "DEM U18 2024"]
[Site "Willingen GER"]
[Date "2024.05.23"]
[Round "7"]
[White "Rempe, Jonas"]
[Black "Spriestersbach, Kai"]
[Result "0-1"]
[Termination "normal"]
[Board "7"]
[WhiteElo "2170"]
[BlackElo "2192"]
[WhiteClock "00:14:11"]
[BlackClock "00:15:59"]
[PlyCount "94"]
[WhiteFideId "16202406"]
[BlackFideId "16269985"]
[EventCountry "GER"]
[EventRounds "9"]
[EventType "swiss"]
[EventDate "2024.05.18"]

1. e4 {[%clk 01:30:50]} {[%emt 00:00:10]} g6 {[%clk 01:30:50]} {[%emt
00:00:11]} 2. h4 {[%clk 01:25:21]} {[%emt 00:06:00]} d5 {[%clk 01:29:11]}
{[%emt 00:02:08]} 3. exd5 {[%clk 01:24:43]} {[%emt 00:01:08]} Nf6 {[%clk
01:29:12]} {[%emt 00:00:28]} 4. d4 {[%clk 01:14:27]} {[%emt 00:10:47]} Nxd5
{[%clk 01:23:51]} {[%emt 00:05:50]} 5. h5 {[%clk 01:13:10]} {[%emt 00:01:47]}
Bg7 {[%clk 01:22:38]} {[%emt 00:01:43]} 6. hxg6 {[%clk 01:13:31]} {[%emt
00:00:10]} hxg6 {[%clk 01:22:38]} {[%emt 00:00:30]} 7. Rxh8+ {[%clk 01:13:47]}
{[%emt 00:00:14]} Bxh8 {[%clk 01:23:03]} {[%emt 00:00:04]} 8. c3 {[%clk
01:13:50]} {[%emt 00:00:28]} Qd6 {[%clk 01:16:00]} {[%emt 00:07:32]} 9. Ne2
{[%clk 01:09:37]} {[%emt 00:04:44]} Nc6 {[%clk 01:06:26]} {[%emt 00:10:03]} 10.
c4 {[%clk 00:54:12]} {[%emt 00:15:57]} Nf6 {[%clk 00:50:15]} {[%emt 00:16:40]}
11. Nbc3 {[%clk 00:52:15]} {[%emt 00:02:27]} Bf5 {[%clk 00:42:24]} {[%emt
00:08:20]} 12. Nb5 {[%clk 00:45:08]} {[%emt 00:07:38]} Qd7 {[%clk 00:40:46]}
{[%emt 00:02:08]} 13. Qa4 {[%clk 00:44:27]} {[%emt 00:01:11]} Rc8 {[%clk
00:32:45]} {[%emt 00:08:30]} 14. Bf4 {[%clk 00:33:56]} {[%emt 00:11:00]} Ne4
{[%clk 00:27:32]} {[%emt 00:05:43]} 15. f3 {[%clk 00:30:24]} {[%emt 00:04:04]}
Nd6 {[%clk 00:27:20]} {[%emt 00:00:42]} 16. O-O-O {[%clk 00:28:03]} {[%emt
00:02:51]} a6 {[%clk 00:23:29]} {[%emt 00:04:21]} 17. Nxd6+ {[%clk 00:27:20]}
{[%emt 00:01:12]} cxd6 {[%clk 00:23:54]} {[%emt 00:00:06]} 18. g4 {[%clk
00:16:07]} {[%emt 00:11:43]} b5 {[%clk 00:22:22]} {[%emt 00:02:02]} 19. Qxa6
{[%clk 00:12:56]} {[%emt 00:03:40]} Nb8 {[%clk 00:17:30]} {[%emt 00:05:22]} 20.
Qb6 {[%clk 00:11:45]} {[%emt 00:01:42]} g5 {[%clk 00:17:12]} {[%emt 00:00:48]}
21. Bxg5 {[%clk 00:11:15]} {[%emt 00:01:00]} Bh7 {[%clk 00:15:30]} {[%emt
00:02:11]} 22. Nc3 {[%clk 00:10:53]} {[%emt 00:00:52]} bxc4 {[%clk 00:15:54]}
{[%emt 00:00:06]} 23. Bxc4 {[%clk 00:10:02]} {[%emt 00:01:21]} Rxc4 {[%clk
00:15:38]} {[%emt 00:00:47]} 24. Rh1 {[%clk 00:09:10]} {[%emt 00:01:22]} Qc8
{[%clk 00:08:39]} {[%emt 00:07:29]} 25. Qb5+ {[%clk 00:04:16]} {[%emt
00:05:24]} Nd7 {[%clk 00:08:33]} {[%emt 00:00:35]} 26. Rxh7 {[%clk 00:03:41]}
{[%emt 00:01:05]} Rxc3+ {[%clk 00:05:04]} {[%emt 00:03:59]} 27. bxc3 {[%clk
00:04:05]} {[%emt 00:00:07]} Qxc3+ {[%clk 00:05:30]} {[%emt 00:00:03]} 28. Kb1
{[%clk 00:03:14]} {[%emt 00:01:21]} Bxd4 {[%clk 00:05:49]} {[%emt 00:00:12]}
29. Qb3 {[%clk 00:03:30]} {[%emt 00:00:14]} Qa1+ {[%clk 00:04:29]} {[%emt
00:01:50]} 30. Kc2 {[%clk 00:03:58]} {[%emt 00:00:02]} d5 {[%clk 00:04:15]}
{[%emt 00:00:43]} 31. Qa3 {[%clk 00:04:02]} {[%emt 00:00:27]} Nc5 {[%clk
00:04:01]} {[%emt 00:00:43]} 32. Bc1 {[%clk 00:02:48]} {[%emt 00:01:44]} Ne6
{[%clk 00:01:28]} {[%emt 00:03:02]} 33. Bb2 {[%clk 00:01:15]} {[%emt 00:02:04]}
Bxb2 {[%clk 00:01:17]} {[%emt 00:00:42]} 34. Qxb2 {[%clk 00:00:33]} {[%emt
00:01:12]} Nd4+ {[%clk 00:01:38]} {[%emt 00:00:08]} 35. Kc3 {[%clk 00:00:59]}
{[%emt 00:00:04]} Nb5+ {[%clk 00:00:53]} {[%emt 00:01:15]} 36. Kb3 {[%clk
00:01:11]} {[%emt 00:00:18]} Qd1+ {[%clk 00:01:17]} {[%emt 00:00:06]} 37. Kb4
{[%clk 00:01:34]} {[%emt 00:00:08]} Qd3 {[%clk 00:01:04]} {[%emt 00:00:43]} 38.
Rh8+ {[%clk 00:01:26]} {[%emt 00:00:37]} Kd7 {[%clk 00:01:29]} {[%emt
00:00:05]} 39. Ka5 {[%clk 00:01:40]} {[%emt 00:00:17]} Nc7 {[%clk 00:01:20]}
{[%emt 00:00:38]} 40. a4 {[%clk 00:00:34]} {[%emt 00:01:36]} Qc4 {[%clk
00:00:38]} {[%emt 00:01:12]} 41. Rb8 {[%clk 00:25:57]} {[%emt 00:05:07]} d4
{[%clk 00:20:50]} {[%emt 00:10:18]} 42. Qa3 {[%clk 00:14:41]} {[%emt 00:11:47]}
Qd5+ {[%clk 00:18:30]} {[%emt 00:02:49]} 43. Kb6 {[%clk 00:13:41]} {[%emt
00:01:30]} d3 {[%clk 00:17:28]} {[%emt 00:01:32]} 44. Qc1 {[%clk 00:13:41]}
{[%emt 00:00:30]} Qd6+ {[%clk 00:16:34]} {[%emt 00:01:24]} 45. Ka5 {[%clk
00:13:56]} {[%emt 00:00:15]} d2 {[%clk 00:16:41]} {[%emt 00:00:23]} 46. Qd1
{[%clk 00:14:26]} Qc5+ {[%clk 00:15:54]} {[%emt 00:01:17]} 47. Rb5 {[%clk
00:14:11]} {[%emt 00:00:46]} Qc3+ {[%clk 00:15:59]} {[%emt 00:00:24]} 0-1

[Event "DEM U18 2024"]
[Site "Willingen GER"]
[Date "2024.05.23"]
[Round "7"]
[White "Bui, Bao Anh Le"]
[Black "Prieb, Robert"]
[Result "1/2-1/2"]
[Termination "normal"]
[Board "8"]
[BlackTitle "CM"]
[WhiteElo "2150"]
[BlackElo "2105"]
[WhiteClock "00:02:01"]
[BlackClock "00:27:48"]
[PlyCount "77"]
[WhiteFideId "12970719"]
[BlackFideId "16212002"]
[EventCountry "GER"]
[EventRounds "9"]
[EventType "swiss"]
[EventDate "2024.05.18"]

1. e4 {[%clk 01:30:30]} {[%emt 00:00:28]} c5 {[%clk 01:30:47]} {[%emt
00:00:13]} 2. Nf3 {[%clk 01:29:52]} {[%emt 00:01:08]} d6 {[%clk 01:30:57]}
{[%emt 00:00:21]} 3. Bb5+ {[%clk 01:29:38]} {[%emt 00:00:44]} Nd7 {[%clk
01:30:57]} {[%emt 00:00:29]} 4. c4 {[%clk 01:29:34]} {[%emt 00:00:34]} Ngf6
{[%clk 01:30:14]} {[%emt 00:01:14]} 5. Nc3 {[%clk 01:29:43]} {[%emt 00:00:21]}
g6 {[%clk 01:28:45]} {[%emt 00:01:59]} 6. d3 {[%clk 01:29:45]} {[%emt
00:00:27]} Bg7 {[%clk 01:27:52]} {[%emt 00:01:23]} 7. h3 {[%clk 01:29:33]}
{[%emt 00:00:43]} O-O {[%clk 01:26:38]} {[%emt 00:01:43]} 8. Ba4 {[%clk
01:29:30]} {[%emt 00:00:33]} Nb6 {[%clk 01:21:28]} {[%emt 00:05:41]} 9. Bc2
{[%clk 01:28:16]} {[%emt 00:01:43]} e5 {[%clk 01:19:07]} {[%emt 00:02:52]} 10.
a3 {[%clk 01:06:40]} {[%emt 00:22:06]} Ne8 {[%clk 01:13:43]} {[%emt 00:05:53]}
11. b4 {[%clk 00:59:51]} {[%emt 00:07:19]} f5 {[%clk 01:11:03]} {[%emt
00:03:10]} 12. Be3 {[%clk 00:50:51]} {[%emt 00:09:30]} f4 {[%clk 01:04:45]}
{[%emt 00:06:48]} 13. Bd2 {[%clk 00:50:46]} {[%emt 00:00:34]} g5 {[%clk
01:01:39]} {[%emt 00:03:37]} 14. bxc5 {[%clk 00:40:02]} {[%emt 00:11:14]} dxc5
{[%clk 01:01:54]} {[%emt 00:00:15]} 15. Nd5 {[%clk 00:40:09]} {[%emt 00:00:23]}
Nxd5 {[%clk 00:58:26]} {[%emt 00:03:58]} 16. cxd5 {[%clk 00:39:34]} {[%emt
00:01:04]} Nd6 {[%clk 00:58:15]} {[%emt 00:00:42]} 17. Bc3 {[%clk 00:37:19]}
{[%emt 00:02:45]} Qe7 {[%clk 00:56:16]} {[%emt 00:02:29]} 18. a4 {[%clk
00:34:51]} {[%emt 00:02:58]} b6 {[%clk 00:54:22]} {[%emt 00:02:24]} 19. Nd2
{[%clk 00:28:18]} {[%emt 00:07:04]} Rb8 {[%clk 00:52:50]} {[%emt 00:02:02]} 20.
Nc4 {[%clk 00:26:50]} {[%emt 00:01:58]} Bd7 {[%clk 00:50:50]} {[%emt 00:02:29]}
21. Bb3 {[%clk 00:24:55]} {[%emt 00:02:25]} Kh8 {[%clk 00:46:14]} {[%emt
00:05:06]} 22. Nxd6 {[%clk 00:20:39]} {[%emt 00:04:46]} Qxd6 {[%clk 00:46:19]}
{[%emt 00:00:25]} 23. Bc4 {[%clk 00:20:37]} {[%emt 00:00:32]} Qg6 {[%clk
00:44:18]} {[%emt 00:02:31]} 24. Bb5 {[%clk 00:17:15]} {[%emt 00:03:53]} Rf7
{[%clk 00:37:02]} {[%emt 00:07:45]} 25. Bxd7 {[%clk 00:16:45]} {[%emt
00:01:00]} Rxd7 {[%clk 00:37:23]} {[%emt 00:00:09]} 26. Qg4 {[%clk 00:16:47]}
{[%emt 00:00:28]} Rc7 {[%clk 00:35:30]} {[%emt 00:02:23]} 27. h4 {[%clk
00:14:31]} {[%emt 00:02:45]} c4 {[%clk 00:35:19]} {[%emt 00:00:43]} 28. Qxg5
{[%clk 00:09:20]} {[%emt 00:05:40]} Qd6 {[%clk 00:32:40]} {[%emt 00:03:08]} 29.
Rh3 {[%clk 00:03:14]} {[%emt 00:06:37]} cxd3 {[%clk 00:31:44]} {[%emt
00:01:27]} 30. Rxd3 {[%clk 00:03:34]} {[%emt 00:00:10]} Rxc3 {[%clk 00:29:39]}
{[%emt 00:02:35]} 31. Rxc3 {[%clk 00:03:57]} {[%emt 00:00:06]} Qb4 {[%clk
00:30:02]} {[%emt 00:00:08]} 32. Rac1 {[%clk 00:04:12]} {[%emt 00:00:15]} Rc8
{[%clk 00:30:03]} {[%emt 00:00:29]} 33. Kf1 {[%clk 00:03:48]} {[%emt 00:00:53]}
Rxc3 {[%clk 00:29:38]} {[%emt 00:00:55]} 34. Rxc3 {[%clk 00:03:23]} {[%emt
00:00:55]} Qb1+ {[%clk 00:30:01]} {[%emt 00:00:08]} 35. Ke2 {[%clk 00:03:47]}
{[%emt 00:00:05]} Qxe4+ {[%clk 00:28:01]} {[%emt 00:02:30]} 36. Kd2 {[%clk
00:03:59]} {[%emt 00:00:18]} Qd4+ {[%clk 00:27:16]} {[%emt 00:01:15]} 37. Ke2
{[%clk 00:03:42]} {[%emt 00:00:47]} Qe4+ {[%clk 00:27:27]} {[%emt 00:00:19]}
38. Kd2 {[%clk 00:02:49]} {[%emt 00:01:23]} Qd4+ {[%clk 00:27:48]} {[%emt
00:00:09]} 39. Ke2 {[%clk 00:02:01]} {[%emt 00:01:18]} 1/2-1/2

[Event "DEM U18 2024"]
[Site "Willingen GER"]
[Date "2024.05.23"]
[Round "7"]
[White "Fuhrmann, Bahne"]
[Black "Pikalow, Michael"]
[Result "1-0"]
[Termination "normal"]
[Board "9"]
[WhiteElo "2159"]
[BlackElo "2089"]
[WhiteClock "00:25:24"]
[BlackClock "00:33:54"]
[PlyCount "93"]
[WhiteFideId "16244842"]
[BlackFideId "16227638"]
[EventCountry "GER"]
[EventRounds "9"]
[EventType "swiss"]
[EventDate "2024.05.18"]

1. d4 {[%clk 01:30:57]} {[%emt 00:00:02]} c5 {[%clk 01:30:17]} {[%emt
00:00:44]} 2. d5 {[%clk 01:31:14]} {[%emt 00:00:13]} Nf6 {[%clk 01:30:43]}
{[%emt 00:00:04]} 3. c4 {[%clk 01:31:25]} {[%emt 00:00:19]} b5 {[%clk
01:31:10]} {[%emt 00:00:03]} 4. cxb5 {[%clk 01:31:44]} {[%emt 00:00:11]} a6
{[%clk 01:31:39]} {[%emt 00:00:02]} 5. e3 {[%clk 01:31:59]} {[%emt 00:00:14]}
g6 {[%clk 01:28:18]} {[%emt 00:03:51]} 6. Nc3 {[%clk 01:31:47]} {[%emt
00:00:43]} Bg7 {[%clk 01:28:44]} {[%emt 00:00:04]} 7. Nf3 {[%clk 01:31:43]}
{[%emt 00:00:33]} O-O {[%clk 01:29:09]} {[%emt 00:00:05]} 8. e4 {[%clk
01:31:18]} {[%emt 00:00:54]} axb5 {[%clk 01:21:12]} {[%emt 00:08:28]} 9. e5
{[%clk 01:11:24]} {[%emt 00:20:24]} Ng4 {[%clk 01:16:01]} {[%emt 00:05:41]} 10.
Bf4 {[%clk 01:04:51]} {[%emt 00:07:03]} b4 {[%clk 01:06:11]} {[%emt 00:10:20]}
11. Ne4 {[%clk 01:02:51]} {[%emt 00:02:29]} d6 {[%clk 01:02:31]} {[%emt
00:04:11]} 12. h3 {[%clk 01:00:24]} {[%emt 00:02:56]} Nxe5 {[%clk 00:59:50]}
{[%emt 00:03:11]} 13. Nxe5 {[%clk 00:58:13]} {[%emt 00:02:42]} dxe5 {[%clk
00:59:13]} {[%emt 00:01:07]} 14. Bg5 {[%clk 00:54:53]} {[%emt 00:03:49]} h6
{[%clk 00:55:44]} {[%emt 00:04:00]} 15. Be3 {[%clk 00:54:53]} {[%emt 00:00:30]}
Qa5 {[%clk 00:51:48]} {[%emt 00:04:26]} 16. Nxc5 {[%clk 00:36:33]} {[%emt
00:18:50]} b3+ {[%clk 00:50:29]} {[%emt 00:01:48]} 17. Qd2 {[%clk 00:36:58]}
{[%emt 00:00:06]} Qxd2+ {[%clk 00:48:57]} {[%emt 00:02:01]} 18. Kxd2 {[%clk
00:35:26]} {[%emt 00:02:03]} e4 {[%clk 00:47:21]} {[%emt 00:02:06]} 19. Bc4
{[%clk 00:29:42]} {[%emt 00:06:13]} bxa2 {[%clk 00:38:01]} {[%emt 00:09:49]}
20. Rxa2 {[%clk 00:27:47]} {[%emt 00:02:27]} Rxa2 {[%clk 00:38:08]} {[%emt
00:00:22]} 21. Bxa2 {[%clk 00:28:12]} {[%emt 00:00:06]} Bxb2 {[%clk 00:36:02]}
{[%emt 00:02:36]} 22. Rb1 {[%clk 00:20:55]} {[%emt 00:07:46]} Be5 {[%clk
00:36:23]} {[%emt 00:00:09]} 23. Bxh6 {[%clk 00:20:56]} {[%emt 00:00:30]} Rd8
{[%clk 00:36:37]} {[%emt 00:00:15]} 24. Nxe4 {[%clk 00:20:30]} {[%emt
00:00:56]} Be6 {[%clk 00:29:54]} {[%emt 00:07:13]} 25. Rb5 {[%clk 00:15:33]}
{[%emt 00:05:28]} Kh7 {[%clk 00:22:01]} {[%emt 00:08:22]} 26. Be3 {[%clk
00:15:07]} {[%emt 00:00:56]} Na6 {[%clk 00:21:14]} {[%emt 00:01:17]} 27. Bb6
{[%clk 00:12:26]} {[%emt 00:03:11]} Nc7 {[%clk 00:18:11]} {[%emt 00:03:33]} 28.
Bxc7 {[%clk 00:11:27]} {[%emt 00:01:29]} Bxc7 {[%clk 00:18:40]} {[%emt
00:00:02]} 29. Ke3 {[%clk 00:11:04]} {[%emt 00:00:53]} Bf5 {[%clk 00:14:53]}
{[%emt 00:04:16]} 30. Ng5+ {[%clk 00:10:06]} {[%emt 00:01:28]} Kg7 {[%clk
00:15:21]} {[%emt 00:00:02]} 31. Nxf7 {[%clk 00:06:52]} {[%emt 00:03:45]} Ra8
{[%clk 00:15:08]} {[%emt 00:00:43]} 32. Bb3 {[%clk 00:06:23]} {[%emt 00:00:59]}
Ra3 {[%clk 00:13:52]} {[%emt 00:01:46]} 33. Ng5 {[%clk 00:05:29]} {[%emt
00:01:23]} Kh6 {[%clk 00:13:14]} {[%emt 00:01:08]} 34. Nf3 {[%clk 00:05:13]}
{[%emt 00:00:47]} Bc8 {[%clk 00:12:25]} {[%emt 00:01:17]} 35. Nd2 {[%clk
00:04:33]} {[%emt 00:01:11]} g5 {[%clk 00:07:10]} {[%emt 00:05:45]} 36. Nc4
{[%clk 00:03:54]} {[%emt 00:01:09]} Ra1 {[%clk 00:07:36]} {[%emt 00:00:04]} 37.
Rc5 {[%clk 00:03:39]} {[%emt 00:00:45]} Bf4+ {[%clk 00:07:43]} {[%emt
00:00:22]} 38. Kf3 {[%clk 00:03:45]} {[%emt 00:00:25]} Ba6 {[%clk 00:06:58]}
{[%emt 00:01:15]} 39. Ne3 {[%clk 00:03:31]} {[%emt 00:00:43]} Bd3 {[%clk
00:06:03]} {[%emt 00:01:24]} 40. Rc3 {[%clk 00:03:16]} {[%emt 00:00:46]} Bf1
{[%clk 00:04:29]} {[%emt 00:02:04]} 41. Nf5+ {[%clk 00:30:01]} {[%emt
00:03:45]} Kh7 {[%clk 00:34:30]} {[%emt 00:00:29]} 42. Bc4 {[%clk 00:28:32]}
{[%emt 00:02:00]} Bd2 {[%clk 00:33:44]} {[%emt 00:01:16]} 43. Rc2 {[%clk
00:28:18]} {[%emt 00:00:44]} Ra3+ {[%clk 00:33:50]} {[%emt 00:00:23]} 44. Ne3
{[%clk 00:27:53]} {[%emt 00:00:56]} Bxc4 {[%clk 00:33:45]} {[%emt 00:00:34]}
45. Rxc4 {[%clk 00:28:05]} {[%emt 00:00:18]} Kg6 {[%clk 00:33:47]} {[%emt
00:00:28]} 46. Rc6+ {[%clk 00:25:38]} {[%emt 00:02:58]} Kf7 {[%clk 00:33:54]}
{[%emt 00:00:22]} 47. Ke4 {[%clk 00:25:24]} {[%emt 00:00:44]} 1-0